000 00333nam a22001457a 4500
999 _c9039
_d9039
003 OSt
008 200715b ||||| |||| 00| 0 eng d
100 _aBrown , Eric
245 _aPocket Medical Dictionary
250 _a2013
260 _aNew Delhi
_bMed Tech
300 _a752
650 _aPharmacy General Books
942 _2ddc
_cBK